书目信息 |
| 题名: |
古罗马喜剧三种
|
|
| 作者: | 普劳图斯 著 ;杨宪盖 译 | |
| 分册: | ||
| 出版信息: | 北京 中国戏剧出版社 1985.5 |
|
| 页数: | 193页 | |
| 开本: | 20cm | |
| 丛书名: | ||
| 单 册: | ||
| 中图分类: | I13 | |
| 科图分类: | ||
| 主题词: | 戏剧文学--作品集--世界 | |
| 电子资源: | ||
| ISBN: | ||
| 000 | 00623nam0 2200217 45 | |
| 001 | 0312221749 | |
| 005 | 20040418150122.6 | |
| 010 | @dCNY1.05 | |
| 091 | @a6069.746 | |
| 100 | @a20031222d1985 km y0chiy0120 ea | |
| 101 | @achi | |
| 105 | @a z 000yy | |
| 200 | 1 | @a古罗马喜剧三种@AGu Luo Ma Xi Ju San Zhong@f(古罗马)普劳图斯等著@F(Gu Luo Ma)Pu Lao Tu Si Deng Zhu@g杨宪盖等译 |
| 210 | @a北京@c中国戏剧出版社@d1985.5 | |
| 215 | @a193页@d20cm | |
| 606 | 0 | @a戏剧文学@x作品集@x世界 |
| 690 | @aI13@v3 | |
| 701 | 0 | @a普劳图斯@4著 |
| 702 | 0 | @a杨宪盖@4译 |
| 801 | @aCN@bTSTCL@c20031222 | |
| 905 | @dI13@e139@f2@b158776-777 | |
| 古罗马喜剧三种/(古罗马)普劳图斯等著/杨宪盖等译.-北京:中国戏剧出版社,1985.5 |
| 193页;20cm |
| ISBN :CNY1.05 |
| ● |
| 相关链接 |
|
|
|
|
正题名:古罗马喜剧三种
索取号:I13/139
 
预约/预借
| 序号 | 登录号 | 条形码 | 馆藏地/架位号 | 状态 | 备注 |
| 1 | 0158776 | 000087444 | 密集书库/ [索取号:I13/139] | 在馆 | |
| 2 | 0158777 | 000087453 | 第二借阅区/ [索取号:I13/139] | 在馆 | |
| 3 | 0158778 | 202464360 | 第一样本阅览室/ [索取号:I13/139] | 在馆 |